Aktuální problémy výživové a potravinové politiky ve světě

Salvato in:
Dettagli Bibliografici
Autore principale: Jalovec, Zbyněk
Natura: Libro
Lingua:ceco
Pubblicazione: Praha Ústředí vědeckých, technických a ekonomických informací 1979
Tags: Aggiungi Tag
Nessun Tag, puoi essere il primo ad aggiungerne!!

MARC

LEADER 00000nam a2200000 4500
001 c119230
005 20190620110937.3
041 0 |a cze 
044 |a CZ 
245 1 0 |a Aktuální problémy výživové a potravinové politiky ve světě  |c Zbyněk Jalovec 
264 1 |a Praha  |b Ústředí vědeckých, technických a ekonomických informací  |c 1979 
300 |a 61 s. 
100 1 |a Jalovec, Zbyněk